01682nam a2200385 a 4500001001000000003000500010005001700015008004100032010001100073011001100084040000900095090001000104100004300114245018600157260004100343500006000384502010900444590003700553590004100590590004000631590004000671650003400711650004200745650004000787650003800827650002700865856001600892856007000908901000700978942001000985942000600995999001901001952014001020952013601160000110951CHAP20220329144152.0141029s2014 mx a fsm |||||||spa d a107413 a108385 cCHAP aTesis1 aCastro Valdez, Diego Francisco912872010aEfectividad bilógica de formulados de Bacillus thuringiensis (Berliner) sobre gusano cogollero Spodoptera frugiperda (J.E. Smith)h[En línea]cpor Diego Francisco Castro Valdez. aChapingo, Méx. :bEl autor,c2014. aPara ver el contenido del material haga clic en la liga aTesis (Ing. Agr. Esp. en Parasitología Agrícola) -- UACH. Departamento de Parasitología Agrícola aBATCHb00c20181121lUCH01h0759 aE11695DGDb10c20141103lUCH01h1026 aE5995AHEb05c20141029lUCH01h1351 aE5995AHEb05c20141029lUCH01h135514aBacillus thuringiensis.9929814aControl biológico de plagas.92758714aGusano cogollero del maíz.95156114aInsecticidas biológicos.95888314aMaízxPlagas.971034 a1 n0001476 aFinding aiduhttp://10.13.5.2/tesis/sist110951.pdfzTeclea aquí aBK cTESIS n0 c107413d107413 00102local4053708TESISaBCbBCcPA_TESISd2014-10-29fTESISl0oTESISp33724002428686r2019-12-31 00:00:00tc.2w2019-12-31yTESIS 00104054718TESISaBCbBCd2014-10-29fTESISl0oTESISp33724002428728r2019-12-31 00:00:00w2019-12-31yTESISzRecien adquirido